[Event "Grand Swiss "]
[Date "2025.09.14"]
[White "Svane, Rasmus"]
[Black "Deac, Bogdan-Daniel"]
[WhiteElo "2620"]
[BlackElo "2674"]
[Round "9.9.48"]
[Result "1/2-1/2"]

1. d4 {[%clk 01:40:54] [%emt 00:00:05]} Nf6 {[%clk 01:40:57] [%emt 00:00:04]} 2.
c4 {[%clk 01:41:15] [%emt 00:00:08]} e6 {[%clk 01:41:24] [%emt 00:00:03]} 3. Nf3
{[%clk 01:41:38] [%emt 00:00:06]} d5 {[%clk 01:41:39] [%emt 00:00:15]} 4. g3
{[%clk 01:42:04] [%emt 00:00:04]} Be7 {[%clk 01:40:57] [%emt 00:01:13]} 5. Bg2
{[%clk 01:42:28] [%emt 00:00:06]} O-O {[%clk 01:41:22] [%emt 00:00:05]} 6. O-O
{[%clk 01:42:47] [%emt 00:00:11]} dxc4 {[%clk 01:41:43] [%emt 00:00:09]} 7. Qa4
{[%clk 01:43:07] [%emt 00:00:10]} a6 {[%clk 01:41:21] [%emt 00:00:53]} 8. Qxc4
{[%clk 01:43:30] [%emt 00:00:06]} b5 {[%clk 01:41:45] [%emt 00:00:06]} 9. Qc2
{[%clk 01:43:53] [%emt 00:00:08]} Bb7 {[%clk 01:42:13] [%emt 00:00:03]} 10. Bf4
{[%clk 01:44:01] [%emt 00:00:22]} Bd6 {[%clk 01:41:54] [%emt 00:00:49]} 11. Nbd2
{[%clk 01:41:22] [%emt 00:03:08]} Nbd7 {[%clk 01:41:57] [%emt 00:00:28]} 12.
Rfd1 {[%clk 01:38:47] [%emt 00:03:05]} Rc8 {[%clk 01:38:34] [%emt 00:03:53]} 13.
Be5 {[%clk 01:30:19] [%emt 00:08:57]} Bxe5 {[%clk 01:04:54] [%emt 00:34:11]} 14.
dxe5 {[%clk 01:03:30] [%emt 00:27:19]} Nd5 {[%clk 01:04:39] [%emt 00:00:45]} 15.
Ne4 {[%clk 00:41:41] [%emt 00:22:19]} Qe7 {[%clk 01:04:21] [%emt 00:00:47]} 16.
Rac1 {[%clk 00:32:33] [%emt 00:09:38]} Rfd8 {[%clk 01:02:06] [%emt 00:02:45]}
17. Nc5 {[%clk 00:22:57] [%emt 00:10:06]} Nxc5 {[%clk 00:45:28] [%emt 00:17:08]}
18. Qxc5 {[%clk 00:23:23] [%emt 00:00:05]} Qxc5 {[%clk 00:44:42] [%emt
00:01:15]} 19. Rxc5 {[%clk 00:23:48] [%emt 00:00:05]} Nb4 {[%clk 00:44:02] [%emt
00:01:10]} 20. Rxd8+ {[%clk 00:19:14] [%emt 00:05:04]} Rxd8 {[%clk 00:44:28]
[%emt 00:00:04]} 21. Rxc7 {[%clk 00:19:10] [%emt 00:00:34]} Bxf3 {[%clk
00:44:45] [%emt 00:00:14]} 22. Bxf3 {[%clk 00:19:29] [%emt 00:00:11]} Nxa2
{[%clk 00:45:11] [%emt 00:00:03]} 23. Ra7 {[%clk 00:18:50] [%emt 00:01:09]} Nb4
{[%clk 00:45:10] [%emt 00:00:32]} 24. Bb7 {[%clk 00:17:21] [%emt 00:01:59]} Rd1+
{[%clk 00:40:00] [%emt 00:05:39]} 25. Kg2 {[%clk 00:17:46] [%emt 00:00:05]} g6
{[%clk 00:40:26] [%emt 00:00:04]} 26. Bxa6 {[%clk 00:16:27] [%emt 00:01:49]}
Nxa6 {[%clk 00:40:51] [%emt 00:00:05]} 27. Rxa6 {[%clk 00:16:53] [%emt
00:00:05]} Rd2 {[%clk 00:41:15] [%emt 00:00:05]} 28. Rb6 {[%clk 00:16:37] [%emt
00:00:47]} Rxb2 {[%clk 00:41:42] [%emt 00:00:03]} 29. Rb8+ {[%clk 00:11:05]
[%emt 00:06:02]} Kg7 {[%clk 00:41:42] [%emt 00:00:28]} 30. h4 {[%clk 00:11:05]
[%emt 00:00:31]} h5 {[%clk 00:41:01] [%emt 00:01:11]} 31. Kf3 {[%clk 00:09:40]
[%emt 00:01:55]} Rb3+ {[%clk 00:40:48] [%emt 00:00:42]} 32. Ke4 {[%clk 00:07:58]
[%emt 00:02:13]} Rb2 {[%clk 00:41:15] [%emt 00:00:04]} 33. Ke3 {[%clk 00:08:00]
[%emt 00:00:28]} Rb3+ {[%clk 00:41:24] [%emt 00:00:20]} 34. Ke4 {[%clk 00:08:28]
[%emt 00:00:03]} Rb2 {[%clk 00:41:47] [%emt 00:00:06]} 35. Ke3 {[%clk 00:08:54]
[%emt 00:00:04]} Rb3+ {[%clk 00:41:20] [%emt 00:00:57]} 36. Ke4 {[%emt
00:00:24]} 1/2-1/2

[Site "Europe Echecs"]

[Event "Grand Swiss "]
[Date "2025.09.14"]
[White "Nigmatov, Ortik"]
[Black "Wojtaszek, Radoslaw"]
[WhiteElo "2488"]
[BlackElo "2661"]
[Round "9.9.49"]
[Result "0-1"]

1. e4 {[%clk 01:40:57] [%emt 00:00:02]} c5 {[%clk 01:40:56] [%emt 00:00:05]} 2.
Nf3 {[%clk 01:41:13] [%emt 00:00:13]} d6 {[%clk 01:41:21] [%emt 00:00:06]} 3. d4
{[%clk 01:41:29] [%emt 00:00:15]} cxd4 {[%clk 01:41:47] [%emt 00:00:05]} 4. Qxd4
{[%clk 01:41:51] [%emt 00:00:08]} Nc6 {[%clk 01:42:03] [%emt 00:00:13]} 5. Bb5
{[%clk 01:42:10] [%emt 00:00:10]} Bd7 {[%clk 01:42:03] [%emt 00:00:30]} 6. Bxc6
{[%clk 01:42:06] [%emt 00:00:35]} Bxc6 {[%clk 01:42:26] [%emt 00:00:06]} 7. Nc3
{[%clk 01:42:25] [%emt 00:00:12]} Nf6 {[%clk 01:42:08] [%emt 00:00:48]} 8. Bg5
{[%clk 01:41:24] [%emt 00:01:31]} e6 {[%clk 01:42:29] [%emt 00:00:08]} 9. O-O-O
{[%clk 01:41:46] [%emt 00:00:08]} Be7 {[%clk 01:42:46] [%emt 00:00:14]} 10. Rhe1
{[%clk 01:40:57] [%emt 00:01:18]} O-O {[%clk 01:37:35] [%emt 00:05:41]} 11. e5
{[%clk 01:40:21] [%emt 00:01:07]} dxe5 {[%clk 01:37:24] [%emt 00:00:41]} 12.
Nxe5 {[%clk 01:39:22] [%emt 00:01:29]} Qc7 {[%clk 01:35:56] [%emt 00:01:58]} 13.
Qc4 {[%clk 01:35:29] [%emt 00:04:23]} h6 {[%clk 01:36:19] [%emt 00:00:07]} 14.
Nxc6 {[%clk 01:12:44] [%emt 00:23:15]} bxc6 {[%clk 01:36:38] [%emt 00:00:11]}
15. Bxf6 {[%clk 01:06:02] [%emt 00:07:12]} Bxf6 {[%clk 01:34:27] [%emt
00:02:41]} 16. Ne4 {[%clk 01:06:09] [%emt 00:00:23]} Be7 {[%clk 01:31:46] [%emt
00:03:11]} 17. g3 {[%clk 01:03:24] [%emt 00:03:15]} Rab8 {[%clk 01:28:10] [%emt
00:04:05]} 18. c3 {[%clk 00:54:42] [%emt 00:09:12]} Rb5 {[%clk 01:27:37] [%emt
00:01:04]} 19. Re2 {[%clk 00:42:06] [%emt 00:13:06]} Rfb8 {[%clk 01:26:56] [%emt
00:01:10]} 20. Rdd2 {[%clk 00:34:48] [%emt 00:07:49]} Qb6 {[%clk 01:17:01] [%emt
00:10:26]} 21. Qd4 {[%clk 00:23:55] [%emt 00:11:21]} Qa5 {[%clk 01:16:45] [%emt
00:00:46]} 22. Qc4 {[%clk 00:24:00] [%emt 00:00:26]} Rd5 {[%clk 01:15:55] [%emt
00:01:20]} 23. f4 {[%clk 00:20:41] [%emt 00:03:48]} Qb6 {[%clk 01:09:16] [%emt
00:07:10]} 24. Qa4 {[%clk 00:19:59] [%emt 00:01:12]} Ra5 {[%clk 00:40:46] [%emt
00:29:00]} 25. Qc4 {[%clk 00:19:40] [%emt 00:00:49]} Ba3 {[%clk 00:40:23] [%emt
00:00:53]} 26. Qd4 {[%clk 00:16:34] [%emt 00:03:35]} Qb7 {[%clk 00:38:55] [%emt
00:01:59]} 27. Kb1 {[%clk 00:08:43] [%emt 00:08:21]} Rd5 {[%clk 00:35:15] [%emt
00:04:10]} 28. Qa4 {[%clk 00:08:06] [%emt 00:01:07]} Rxd2 {[%clk 00:33:11] [%emt
00:02:34]} 29. Rxd2 {[%clk 00:08:34] [%emt 00:00:01]} Bxb2 {[%clk 00:31:25]
[%emt 00:02:16]} 30. Nc5 {[%clk 00:08:25] [%emt 00:00:40]} Qe7 {[%clk 00:30:03]
[%emt 00:01:52]} 31. Rxb2 {[%clk 00:07:24] [%emt 00:01:31]} Rxb2+ {[%clk
00:30:29] [%emt 00:00:05]} 32. Kxb2 {[%clk 00:07:50] [%emt 00:00:04]} Qxc5
{[%clk 00:30:54] [%emt 00:00:05]} 33. Qc2 {[%clk 00:05:25] [%emt 00:02:54]} g5
{[%clk 00:27:47] [%emt 00:03:36]} 34. Qd2 {[%clk 00:04:38] [%emt 00:01:16]} Kg7
{[%clk 00:26:06] [%emt 00:02:12]} 35. Qe1 {[%clk 00:03:01] [%emt 00:02:07]} Qb5+
{[%clk 00:19:32] [%emt 00:07:04]} 36. Ka3 {[%clk 00:02:04] [%emt 00:01:28]} a6
{[%clk 00:15:39] [%emt 00:04:23]} 37. Qe3 {[%clk 00:02:03] [%emt 00:00:31]} gxf4
{[%clk 00:14:35] [%emt 00:01:34]} 38. gxf4 {[%clk 00:02:27] [%emt 00:00:05]} Qc4
{[%clk 00:10:42] [%emt 00:04:23]} 39. Qg3+ {[%clk 00:02:08] [%emt 00:00:49]} Kf6
{[%clk 00:08:04] [%emt 00:03:08]} 40. Qh4+ {[%clk 00:02:18] [%emt 00:00:21]} Kf5
{[%clk 00:03:01] [%emt 00:05:33]} 41. Qh5+ {[%clk 00:46:57] [%emt 00:05:49]} Ke4
{[%clk 00:53:02] [%emt 00:00:30]} 42. Qxf7 {[%clk 00:42:54] [%emt 00:04:34]}
Qxc3+ {[%clk 00:52:59] [%emt 00:00:32]} 43. Ka4 {[%clk 00:43:22] [%emt
00:00:02]} Qc4+ {[%clk 00:53:19] [%emt 00:00:11]} 44. Ka3 {[%clk 00:43:49] [%emt
00:00:03]} c5 {[%clk 00:45:04] [%emt 00:08:44]} 45. Kb2 {[%clk 00:41:42] [%emt
00:02:37]} Kd3 {[%clk 00:45:09] [%emt 00:00:25]} 46. Qg6+ {[%clk 00:39:28] [%emt
00:02:43]} Kd2 {[%clk 00:41:35] [%emt 00:04:05]} 47. Qg2 {[%clk 00:37:59] [%emt
00:01:59]} Qe2 {[%clk 00:41:58] [%emt 00:00:07]} 48. Qg1 {[%clk 00:36:42] [%emt
00:01:48]} Kd3+ {[%clk 00:42:15] [%emt 00:00:13]} 49. Ka3 {[%clk 00:36:57] [%emt
00:00:15]} Qe3 {[%clk 00:39:55] [%emt 00:02:50]} 50. Qf1 {[%clk 00:33:42] [%emt
00:03:44]} Kd4+ {[%clk 00:26:14] [%emt 00:14:12]} 51. Ka4 {[%clk 00:33:08] [%emt
00:01:04]} Qd3 {[%clk 00:23:31] [%emt 00:03:12]} 52. Qa1 {[%clk 00:28:40] [%emt
00:04:58]} Qc3 {[%clk 00:22:04] [%emt 00:01:57]} 53. Qg1 {[%clk 00:24:45] [%emt
00:04:25]} Kd5 {[%clk 00:19:24] [%emt 00:03:10]} 54. Qh1+ {[%clk 00:25:05] [%emt
00:00:10]} Kd6 {[%clk 00:19:31] [%emt 00:00:24]} 55. Qb7 {[%clk 00:24:32] [%emt
00:01:03]} Qc4+ {[%clk 00:19:38] [%emt 00:00:22]} 56. Ka3 {[%clk 00:25:00] [%emt
00:00:03]} Qb5 {[%clk 00:19:43] [%emt 00:00:24]} 57. Qe4 {[%clk 00:24:34] [%emt
00:00:56]} a5 {[%clk 00:20:09] [%emt 00:00:05]} 58. Qe5+ {[%clk 00:22:38] [%emt
00:02:25]} Kd7 {[%clk 00:20:29] [%emt 00:00:10]} 59. Qg7+ {[%clk 00:21:39] [%emt
00:01:30]} Kc6 {[%clk 00:20:30] [%emt 00:00:28]} 60. Qg2+ {[%clk 00:21:53] [%emt
00:00:15]} Kb6 {[%clk 00:20:33] [%emt 00:00:28]} 0-1

[Site "Europe Echecs"]

[Event "Grand Swiss "]
[Date "2025.09.14"]
[White "Svane, Frederik"]
[Black "Vakhidov, Jakhongir"]
[WhiteElo "2643"]
[BlackElo "2521"]
[Round "9.9.50"]
[Result "1-0"]

1. e4 {[%clk 01:40:57] [%emt 00:00:02]} c5 {[%clk 01:40:53] [%emt 00:00:08]} 2.
Nf3 {[%clk 01:41:22] [%emt 00:00:05]} Nc6 {[%clk 01:41:19] [%emt 00:00:04]} 3.
Bb5 {[%clk 01:41:47] [%emt 00:00:05]} e6 {[%clk 01:41:42] [%emt 00:00:07]} 4.
O-O {[%clk 01:42:11] [%emt 00:00:06]} Nge7 {[%clk 01:42:07] [%emt 00:00:05]} 5.
c3 {[%clk 01:42:37] [%emt 00:00:05]} a6 {[%clk 01:42:20] [%emt 00:00:18]} 6. Ba4
{[%clk 01:43:03] [%emt 00:00:04]} b5 {[%clk 01:42:46] [%emt 00:00:04]} 7. Bc2
{[%clk 01:43:28] [%emt 00:00:04]} Bb7 {[%clk 01:43:12] [%emt 00:00:04]} 8. d3
{[%clk 01:43:45] [%emt 00:00:13]} Ng6 {[%clk 01:37:24] [%emt 00:06:17]} 9. Be3
{[%clk 01:44:11] [%emt 00:00:05]} Be7 {[%clk 01:35:45] [%emt 00:02:09]} 10. Nbd2
{[%clk 01:43:50] [%emt 00:00:51]} O-O {[%clk 01:29:21] [%emt 00:06:55]} 11. h4
{[%clk 01:43:29] [%emt 00:00:50]} Nxh4 {[%clk 01:25:11] [%emt 00:04:41]} 12.
Nxh4 {[%clk 01:43:26] [%emt 00:00:32]} Bxh4 {[%clk 01:25:37] [%emt 00:00:04]}
13. Bxc5 {[%clk 01:43:51] [%emt 00:00:06]} Be7 {[%clk 01:26:01] [%emt 00:00:06]}
14. Be3 {[%clk 01:43:59] [%emt 00:00:21]} d5 {[%clk 01:23:55] [%emt 00:02:36]}
15. d4 {[%clk 01:44:18] [%emt 00:00:11]} dxe4 {[%clk 01:24:08] [%emt 00:00:18]}
16. Nxe4 {[%clk 01:44:42] [%emt 00:00:05]} f5 {[%clk 01:20:44] [%emt 00:03:54]}
17. Nc5 {[%clk 01:44:51] [%emt 00:00:21]} Bxc5 {[%clk 01:18:37] [%emt 00:02:37]}
18. dxc5 {[%clk 01:45:13] [%emt 00:00:09]} Qf6 {[%clk 01:03:08] [%emt 00:15:58]}
19. Qh5 {[%clk 01:42:57] [%emt 00:02:46]} b4 {[%clk 00:46:05] [%emt 00:17:33]}
20. Bg5 {[%clk 01:33:35] [%emt 00:09:52]} Qf7 {[%clk 00:45:49] [%emt 00:00:45]}
21. Qxf7+ {[%clk 01:32:49] [%emt 00:01:16]} Kxf7 {[%clk 00:46:17] [%emt
00:00:02]} 22. Rfd1 {[%clk 00:53:51] [%emt 00:39:28]} bxc3 {[%clk 00:43:33]
[%emt 00:03:13]} 23. bxc3 {[%clk 00:54:16] [%emt 00:00:06]} Kg6 {[%clk 00:41:45]
[%emt 00:02:18]} 24. Be3 {[%clk 00:54:18] [%emt 00:00:28]} Na5 {[%clk 00:35:45]
[%emt 00:06:30]} 25. Rd6 {[%clk 00:46:41] [%emt 00:08:06]} Nc4 {[%clk 00:31:20]
[%emt 00:04:56]} 26. Rxe6+ {[%clk 00:43:49] [%emt 00:03:22]} Kf7 {[%clk
00:31:38] [%emt 00:00:12]} 27. Bxf5 {[%clk 00:43:58] [%emt 00:00:22]} g6 {[%clk
00:30:47] [%emt 00:01:20]} 28. Bg4 {[%clk 00:36:30] [%emt 00:07:52]} Bd5 {[%clk
00:30:37] [%emt 00:00:46]} 29. Rb6 {[%clk 00:36:54] [%emt 00:00:06]} h5 {[%clk
00:29:11] [%emt 00:01:55]} 30. Be2 {[%clk 00:34:46] [%emt 00:02:37]} Nxb6 {[%clk
00:29:30] [%emt 00:00:13]} 31. cxb6 {[%clk 00:35:12] [%emt 00:00:04]} Bb7 {[%clk
00:26:22] [%emt 00:03:38]} 32. c4 {[%clk 00:34:19] [%emt 00:01:24]} Rad8 {[%clk
00:21:33] [%emt 00:05:18]} 33. c5 {[%clk 00:34:22] [%emt 00:00:27]} Ke6 {[%clk
00:22:00] [%emt 00:00:02]} 34. Rc1 {[%clk 00:27:57] [%emt 00:06:55]} Kd7 {[%clk
00:21:07] [%emt 00:01:23]} 35. Bd3 {[%clk 00:28:21] [%emt 00:00:07]} Kc8 {[%clk
00:20:19] [%emt 00:01:18]} 36. Bxg6 {[%clk 00:20:52] [%emt 00:07:59]} Bc6 {[%clk
00:09:59] [%emt 00:10:50]} 37. Bxh5 {[%clk 00:20:28] [%emt 00:00:54]} Kb7 {[%clk
00:08:24] [%emt 00:02:05]} 38. Be2 {[%clk 00:15:07] [%emt 00:05:50]} Rfe8 {[%clk
00:06:40] [%emt 00:02:16]} 39. Rc3 {[%clk 00:13:17] [%emt 00:02:19]} Re4 {[%clk
00:03:03] [%emt 00:04:07]} 40. Ra3 {[%clk 00:10:53] [%emt 00:02:55]} Ra8 {[%clk
00:02:20] [%emt 00:01:12]} 41. Bf3 {[%clk 00:05:19] [%emt 00:06:02]} Re6 {[%clk
00:48:46] [%emt 00:04:06]} 42. Bxc6+ {[%clk 00:50:17] [%emt 00:05:33]} Kxc6
{[%clk 00:49:13] [%emt 00:00:04]} 43. g4 {[%clk 00:45:42] [%emt 00:05:04]} a5
{[%clk 00:49:06] [%emt 00:00:37]} 44. Ra4 {[%clk 00:43:08] [%emt 00:03:04]} Rg8
{[%clk 00:44:26] [%emt 00:05:11]} 45. Kg2 {[%clk 00:42:11] [%emt 00:01:27]} Kb5
{[%clk 00:44:17] [%emt 00:00:38]} 46. Rf4 {[%clk 00:42:04] [%emt 00:00:30]} a4
{[%clk 00:44:29] [%emt 00:00:25]} 47. a3 {[%clk 00:42:30] [%emt 00:00:04]} 1-0

[Site "Europe Echecs"]

[Event "Grand Swiss "]
[Date "2025.09.14"]
[White "Xu, Xiangyu"]
[Black "Amin, Bassem"]
[WhiteElo "2615"]
[BlackElo "2636"]
[Round "9.9.51"]
[Result "1/2-1/2"]

1. d4 {[%clk 01:40:57] [%emt 00:00:02]} Nf6 {[%clk 01:39:53] [%emt 00:01:06]} 2.
c4 {[%clk 01:41:21] [%emt 00:00:07]} g6 {[%clk 01:40:18] [%emt 00:00:06]} 3. Nc3
{[%clk 01:41:46] [%emt 00:00:04]} Bg7 {[%clk 01:40:42] [%emt 00:00:06]} 4. e4
{[%clk 01:42:10] [%emt 00:00:06]} d6 {[%clk 01:41:08] [%emt 00:00:04]} 5. h3
{[%clk 01:42:29] [%emt 00:00:10]} O-O {[%clk 01:40:02] [%emt 00:01:37]} 6. Be3
{[%clk 01:42:54] [%emt 00:00:06]} c6 {[%clk 01:40:09] [%emt 00:00:22]} 7. Nf3
{[%clk 01:43:01] [%emt 00:00:23]} Na6 {[%clk 01:40:22] [%emt 00:00:17]} 8. g4
{[%clk 01:38:20] [%emt 00:05:12]} Rb8 {[%clk 01:40:26] [%emt 00:00:26]} 9. g5
{[%clk 01:26:28] [%emt 00:12:21]} Nd7 {[%clk 01:36:03] [%emt 00:04:53]} 10. h4
{[%clk 01:26:38] [%emt 00:00:20]} b5 {[%clk 01:34:48] [%emt 00:01:45]} 11. cxb5
{[%clk 01:15:43] [%emt 00:11:26]} cxb5 {[%clk 01:35:06] [%emt 00:00:10]} 12.
Bxb5 {[%clk 01:16:10] [%emt 00:00:04]} Nc7 {[%clk 01:14:00] [%emt 00:21:36]} 13.
Bc4 {[%clk 01:16:34] [%emt 00:00:07]} Rxb2 {[%clk 01:14:14] [%emt 00:00:15]} 14.
Bb3 {[%clk 01:07:09] [%emt 00:09:55]} Nc5 {[%clk 01:06:28] [%emt 00:08:16]} 15.
Bc1 {[%clk 01:07:09] [%emt 00:00:30]} Rxb3 {[%clk 01:05:13] [%emt 00:01:46]} 16.
axb3 {[%clk 01:07:33] [%emt 00:00:05]} Bg4 {[%clk 01:05:01] [%emt 00:00:41]} 17.
b4 {[%clk 00:52:07] [%emt 00:15:57]} N5e6 {[%clk 00:42:25] [%emt 00:23:05]} 18.
Qd3 {[%clk 00:52:29] [%emt 00:00:09]} d5 {[%clk 00:42:28] [%emt 00:00:28]} 19.
O-O {[%clk 00:32:26] [%emt 00:20:33]} dxe4 {[%clk 00:37:37] [%emt 00:05:21]} 20.
Qxe4 {[%clk 00:32:13] [%emt 00:00:42]} Bxf3 {[%clk 00:29:52] [%emt 00:08:15]}
21. Qxf3 {[%clk 00:32:38] [%emt 00:00:05]} Qxd4 {[%clk 00:30:07] [%emt
00:00:15]} 22. Ra3 {[%clk 00:33:04] [%emt 00:00:04]} Qxh4 {[%clk 00:21:51] [%emt
00:08:47]} 23. Qe4 {[%clk 00:33:21] [%emt 00:00:12]} Nxg5 {[%clk 00:15:34] [%emt
00:06:48]} 24. Qxh4 {[%clk 00:33:37] [%emt 00:00:14]} Nf3+ {[%clk 00:16:02]
[%emt 00:00:01]} 25. Kh1 {[%clk 00:33:56] [%emt 00:00:10]} Nxh4 {[%clk 00:16:29]
[%emt 00:00:03]} 26. Rxa7 {[%clk 00:34:21] [%emt 00:00:06]} Rc8 {[%clk 00:13:00]
[%emt 00:03:59]} 27. Ne4 {[%clk 00:34:42] [%emt 00:00:09]} Nf5 {[%clk 00:12:38]
[%emt 00:00:52]} 28. Bd2 {[%clk 00:30:05] [%emt 00:05:07]} Bd4 {[%clk 00:10:10]
[%emt 00:02:59]} 29. Rb7 {[%clk 00:29:37] [%emt 00:00:57]} Nd5 {[%clk 00:10:15]
[%emt 00:00:24]} 30. Rc1 {[%clk 00:29:39] [%emt 00:00:28]} Ra8 {[%clk 00:06:50]
[%emt 00:03:55]} 31. Rd7 {[%clk 00:23:53] [%emt 00:06:17]} Nb6 {[%clk 00:04:23]
[%emt 00:02:57]} 32. Rdc7 {[%clk 00:24:18] [%emt 00:00:06]} Rd8 {[%clk 00:03:17]
[%emt 00:01:35]} 33. R1c6 {[%clk 00:15:36] [%emt 00:09:12]} Kg7 {[%clk 00:02:43]
[%emt 00:01:04]} 34. b5 {[%clk 00:15:19] [%emt 00:00:47]} Nd5 {[%clk 00:02:04]
[%emt 00:01:10]} 35. Rc8 {[%clk 00:08:54] [%emt 00:06:55]} Rd7 {[%clk 00:02:32]}
36. Nc5 {[%clk 00:09:20] [%emt 00:00:04]} Bxc5 {[%clk 00:02:12] [%emt 00:00:51]}
37. Rxc5 {[%clk 00:09:47] [%emt 00:00:02]} Nb6 {[%clk 00:02:34] [%emt 00:00:08]}
38. Bc3+ {[%clk 00:09:37] [%emt 00:00:40]} f6 {[%clk 00:02:15] [%emt 00:00:49]}
39. Rb8 {[%clk 00:00:45] [%emt 00:09:22]} Rd1+ {[%clk 00:01:07] [%emt 00:01:38]}
40. Kh2 {[%clk 00:01:11] [%emt 00:00:04]} Na4 {[%clk 00:01:17] [%emt 00:00:20]}
41. Rc4 {[%clk 00:01:21] [%emt 00:00:19]} Nxc3 {[%clk 00:01:37] [%emt 00:00:11]}
42. Rxc3 {[%clk 00:01:47] [%emt 00:00:04]} Rb1 {[%clk 00:02:02] [%emt 00:00:05]}
43. b6 {[%clk 00:45:16] [%emt 00:07:01]} Kf7 {[%clk 00:39:07] [%emt 00:13:25]}
44. Rc6 {[%clk 00:45:30] [%emt 00:00:16]} h5 {[%clk 00:36:23] [%emt 00:03:14]}
45. Rb7 {[%clk 00:42:53] [%emt 00:03:07]} Nd4 {[%clk 00:29:40] [%emt 00:07:13]}
46. Rcc7 {[%clk 00:41:40] [%emt 00:01:43]} Nf5 {[%clk 00:30:04] [%emt 00:00:07]}
47. Rc6 {[%clk 00:41:03] [%emt 00:01:07]} g5 {[%clk 00:24:08] [%emt 00:06:25]}
48. Rd7 {[%clk 00:41:25] [%emt 00:00:07]} Nh4 {[%clk 00:24:30] [%emt 00:00:08]}
49. Rcc7 {[%clk 00:34:15] [%emt 00:07:41]} Rxb6 {[%clk 00:19:11] [%emt
00:05:49]} 50. Rxe7+ {[%clk 00:34:42] [%emt 00:00:03]} Kg6 {[%clk 00:19:39]
[%emt 00:00:03]} 51. Rb7 {[%clk 00:35:09] [%emt 00:00:03]} Rd6 {[%clk 00:17:42]
[%emt 00:02:26]} 52. Rbd7 {[%clk 00:35:34] [%emt 00:00:04]} Rxd7 {[%clk
00:17:47] [%emt 00:00:26]} 53. Rxd7 {[%clk 00:36:01] [%emt 00:00:02]} Nf3+
{[%clk 00:18:00] [%emt 00:00:17]} 54. Kg2 {[%clk 00:35:17] [%emt 00:01:14]} g4
{[%clk 00:17:29] [%emt 00:01:03]} 55. Kg3 {[%clk 00:29:04] [%emt 00:06:41]} Kg5
{[%clk 00:17:51] [%emt 00:00:08]} 56. Rd8 {[%clk 00:29:30] [%emt 00:00:05]} h4+
{[%clk 00:18:15] [%emt 00:00:06]} 57. Kg2 {[%clk 00:29:58] [%emt 00:00:02]} f5
{[%clk 00:18:10] [%emt 00:00:35]} 58. Ra8 {[%clk 00:30:00] [%emt 00:00:28]} Nd2
{[%clk 00:12:29] [%emt 00:06:11]} 59. Ra4 {[%clk 00:29:22] [%emt 00:01:07]} Nf3
{[%clk 00:08:56] [%emt 00:04:04]} 60. Rb4 {[%clk 00:19:52] [%emt 00:10:00]} Ne1+
{[%clk 00:08:53] [%emt 00:00:33]} 61. Kg1 {[%clk 00:20:02] [%emt 00:00:20]} Nd3
{[%clk 00:08:56] [%emt 00:00:27]} 62. Ra4 {[%clk 00:20:25] [%emt 00:00:07]} Nc5
{[%clk 00:04:06] [%emt 00:05:19]} 63. Ra5 {[%clk 00:19:49] [%emt 00:01:05]} Ne4
{[%clk 00:04:17] [%emt 00:00:20]} 64. Kf1 {[%clk 00:20:03] [%emt 00:00:16]} h3
{[%clk 00:01:34] [%emt 00:03:13]} 65. Kg1 {[%clk 00:19:59] [%emt 00:00:33]} Kg6
{[%clk 00:01:02] [%emt 00:01:02]} 66. Ra4 {[%clk 00:19:53] [%emt 00:00:37]} Kh5
{[%clk 00:01:22] [%emt 00:00:10]} 67. Rb4 {[%clk 00:18:25] [%emt 00:01:59]} Kh4
{[%clk 00:14:59] [%emt 00:01:53]} 68. Rb5 {[%clk 00:28:29] [%emt 00:05:25]} f4
{[%clk 00:09:51] [%emt 00:05:39]} 69. Rb4 {[%clk 00:17:57] [%emt 00:11:02]} Nc3
{[%clk 00:10:16] [%emt 00:00:05]} 70. Rc4 {[%clk 00:18:22] [%emt 00:00:05]} Ne2+
{[%clk 00:10:30] [%emt 00:00:15]} 71. Kh2 {[%clk 00:18:48] [%emt 00:00:04]} f3
{[%clk 00:07:49] [%emt 00:03:12]} 72. Rc5 {[%clk 00:16:24] [%emt 00:02:53]} Nf4
{[%clk 00:06:40] [%emt 00:01:38]} 73. Rc3 {[%clk 00:16:51] [%emt 00:00:03]} Ne6
{[%clk 00:02:34] [%emt 00:04:33]} 74. Rc4 {[%clk 00:17:06] [%emt 00:00:19]} Ng7
{[%clk 00:02:39] [%emt 00:00:23]} 75. Rc5 {[%clk 00:17:12] [%emt 00:00:25]} Ne6
{[%clk 00:01:51] [%emt 00:01:17]} 1/2-1/2

[Site "Europe Echecs"]